| 000 | 00328nam a2200133Ia 4500 | ||
|---|---|---|---|
| 008 | 211109s9999||||xx |||||||||||||| ||und|| | ||
| 082 |
_a330 _bWAD-O |
||
| 100 | _aWadia, P A | ||
| 245 | 0 | _aOur Economic Problem | |
| 260 |
_bNew Book Comp _aMombay _c1943 |
||
| 300 | _a536p. | ||
| 650 |
_aEconomics _xSocial Science |
||
| 942 | _cBOOK | ||
| 999 |
_c10411 _d10411 |
||